| 000 | 00000nam 2200000zi 4500 |
| 001 | 9.915497 |
| 003 | CaOODSP |
| 005 | 20230928145433 |
| 006 | m o d f |
| 007 | cr cn||||||||| |
| 008 | 220916t20232023onc o f000 0 eng d |
| 020 | |a9780660455204 |
| 040 | |aCaOODSP|beng|erda|cCaOODSP |
| 043 | |an-cn--- |
| 086 | 1 |aRv4-160/2022E-PDF |
| 245 | 04|aThe scientific research and experimental development (SR & ED) tax incentive program : |bcan I claim the SR & ED investment tax credit? |
| 264 | 1|a[Ottawa] : |bCanada Revenue Agency = Agence du revenu du Canada, |c[2023] |
| 264 | 4|c©2023 |
| 300 | |a1 online resource (1 page) |
| 336 | |atext|btxt|2rdacontent |
| 337 | |acomputer|bc|2rdamedia |
| 338 | |aonline resource|bcr|2rdacarrier |
| 500 | |aCaption title. |
| 500 | |aIssued also in French under title: Le Programme d’encouragements fiscaux pour la recherche scientifique et le développement expérimental (RS & DE) : puis-je demander le crédit d'impôt à l'investissement de la RS & DE? |
| 650 | 0|aResearch and development tax credit|zCanada. |
| 710 | 2 |aCanada Revenue Agency, |eissuing body. |
| 775 | 08|tLe Programme d’encouragements fiscaux pour la recherche scientifique et le développement expérimental (RS & DE) : |w(CaOODSP)9.915498 |
| 856 | 40|qPDF|s554 KB|uhttps://publications.gc.ca/collections/collection_2023/arc-cra/Rv4-160-2022-eng.pdf |